| 000 | 00824cam a22002537i 4500 | ||
|---|---|---|---|
| 003 | OSt | ||
| 005 | 20240222080907.0 | ||
| 008 | |||
| 020 | _a9781483344409 (paper back) | ||
| 040 |
_aNUST _cNUST _beng _dNUST _erda |
||
| 050 | _aHF5387 JOH | ||
| 100 | 1 | _aJohnson, Craig E.. | |
| 245 | 1 | 0 |
_aOrganizational ethics : _ba practical approach / _cCraig E. Johnson, George Fox University. |
| 250 | _aThird edition | ||
| 260 |
_aThousand Oaks: _bSAGE, _c©2016 |
||
| 300 |
_axxxii, 509 pages _billustrations _c23 cm. |
||
| 336 |
_2rda _atext _btxt |
||
| 337 |
_2rda _aunmediated _bn |
||
| 338 |
_2rda _avolume _bnc |
||
| 504 | _aIncludes bibliographical references and index | ||
| 650 | 0 | _aBusiness ethics. | |
| 650 | 0 | _aCorporate culture. | |
| 942 |
_cBOOKS _kHF _mJOH _2lcc _hHF5387 _n0 |
||
| 999 |
_c131024 _d131024 |
||